| 000 | 01007nas a2200313 4500 | ||
|---|---|---|---|
| 001 | BR9703201 | ||
| 003 | BR-BrBNA | ||
| 005 | 20231205100350.0 | ||
| 007 | ta | ||
| 008 | 230509b bl.|||p| |||| 00| 00por d | ||
| 040 |
_aBR-BrBNA _bpor _cBiblioteca Nacional de Agricultura |
||
| 041 | _a(Pt) | ||
| 072 | _aH10 | ||
| 100 | 1 | _aSilva, A.L. | |
| 100 | 1 | _aVeloso, V.R.S. | |
| 100 | 1 | _aPereira, H.L.A. | |
| 100 | 1 | _aSouza Neto, F.T. | |
| 100 | 1 | _aMendonca, R.C. | |
| 245 | 1 | _aExperimento de campo visando ao controle quimico da cigarrinha verde (Empoasca kraemeri (Ross Moore)em feijoeiro | |
| 650 | _aFeijao | ||
| 650 | _aCigarrinha Verde | ||
| 650 | _aControle Quimico | ||
| 650 | _aInseticida | ||
| 650 | _aPulverizacao | ||
| 650 | _aAnalise Quantitativa | ||
| 773 | 0 |
_tAnais da Escola de Agronomia e Veterinaria - Universidade Federal de Goias (Brazil) _xISSN 0100-218X _g(Jan-Dec 1993), v. 23(1) p. 55-61 _wBR9703201 |
|
| 909 |
_a202311 _bLúcia _c55 _dLúcia Elande |
||
| 942 |
_2AGRIS _n0 _cANA |
||
| 999 |
_c155604 _d155604 |
||